Statistics for Biggest Cities in Europe in 1650 with a Map

Click here to take the quiz!

General Stats

  • This quiz has been taken 5,176 times
    (3,863 since last reset)
  • The average score is 58 of 103

Answers on the Map

Answers color-coded by a green-red scale on the quiz's map according to % correct below.
 

Answer Stats

PopulationCitiesCountry% Correct
339kLondonEngland
99%
387kParisFrance
98%
95kMadridSpain
97%
116kRomePapal States
97%
690kConstantinopleOttoman Empire
96%
153kLisbonPortugal
96%
102kMoscowRussia
96%
104kAmsterdamNetherlands
94%
21kAthensOttoman Empire
94%
31kBarcelonaFrance
94%
287kNaplesSpain
93%
122kMilanSpain
91%
144kVeniceVenice
91%
23kBerlinBrandenburg
(Holy Roman Empire)
90%
51kCopenhagenDenmark-Norway
90%
23kEdinburghScotland
90%
53kHamburgHamburg
(Free City - H.R.E.)
88%
62kMarseilleFrance
87%
54kPragueBohemia
(H.R.E. / Habsburgs)
87%
75kViennaAustria
(H.R.E. / Habsburgs)
87%
63kBrusselsSpain
86%
20kMunichBavaria
(Holy Roman Empire)
85%
74kFlorenceTuscany
84%
58kLyonFrance
83%
57kValenciaSpain
83%
102kPalermoSpain
82%
45kRotterdamNetherlands
82%
99kSevilleSpain
82%
64kGenoaGenoa
79%
42kBordeauxFrance
78%
45kDanzigPoland-Lithuania
78%
30kBelgradeOttoman Empire
77%
45kSalonicaOttoman Empire
76%
24kTurinSavoy
76%
56kAntwerpSpain
75%
24kFrankfurt am MainFrankfurt am Main
(Free City - H.R.E.)
75%
29kKrakówPoland-Lithuania
73%
40kCologneCologne
(Free City - H.R.E.)
72%
20kThe HagueNetherlands
72%
41kToulouseFrance
71%
23kGranadaSpain
65%
63kBolognaPapal States
64%
45kLilleFrance
64%
40kVilniusPoland-Lithuania
64%
24kBremenBremen
(Free City - H.R.E.)
62%
32kNantesFrance
62%
22kDresdenSaxony
(Electorate - H.R.E.)
60%
40kNurembergNuremberg
(Free City - H.R.E.)
60%
31kBrugesSpain
59%
23kKönigsbergPrussia
58%
40kVeronaVenice
58%
27kZaragozaSpain
58%
30kUtrechtNetherlands
56%
40kGhentSpain
55%
31kCórdobaSpain
54%
25kStrasbourgStrasbourg
(Free City - H.R.E.)
52%
24kNorwichEngland
49%
43kToledoSpain
48%
30kAvignonPapal States
47%
40kBreslauSilesia
(H.R.E. / Habsburgs)
46%
37kLiégeLiége
(Holy Roman Empire)
46%
21kMurciaSpain
46%
31kRennesFrance
46%
23kLübeckLübeck
(Free City - H.R.E.)
44%
45kMessinaSpain
44%
27kParmaParma
44%
59kRouenFrance
44%
122kAdrianopleOttoman Empire
41%
21kDijonFrance
41%
36kOrléansFrance
40%
35kPaduaVenice
40%
20kReimsFrance
40%
21kGroningenNetherlands
39%
20kModenaModena
38%
28kCaenFrance
37%
20kPoznańPoland-Lithuania
36%
32kAugsburgAugsburg
(Free City - H.R.E.)
35%
26kValladolidSpain
33%
20kToursFrance
32%
24kBergamoVenice
31%
23kLuccaLucca
31%
42kSmolenskPoland-Lithuania
31%
35kBresciaVenice
28%
30kAmiensFrance
26%
38kHaarlemNetherlands
26%
22kAix-en-ProvenceFrance
25%
20kRegensburgRegensburg
(Free City - H.R.E.)
25%
30kFerraraPapal States
24%
27kAngersFrance
23%
20kLecceSpain
22%
26kMantuaMantua
22%
67kLeidenNetherlands
20%
31kJerez de la FronteraSpain
19%
25kDelftNetherlands
17%
28kVicenzaVenice
16%
28kCremonaSpain
15%
22kPaviaSpain
15%
32kPiacenzaParma
15%
27kMiddelburgNetherlands
12%
20kDordrechtNetherlands
11%
24kTournaiSpain
10%
22kPrizrenOttoman Empire
8%
21kAntequeraSpain
5%

Score Distribution

Percentile by Number Answered

Percent of People with Each Score

Your Score History

You have not taken this quiz since the last reset